-
PUNMIA, DR. B.C. & JAIN, ER. ASHOK K AND JAIN, DR. ARUN K
Entry Personal Name
Number of records used in: 1
001 - CONTROL NUMBER
003 - CONTROL NUMBER IDENTIFIER
005 - DATE AND TIME OF LATEST TRANSACTION
- control field:
20251110133949.0
008 - FIXED-LENGTH DATA ELEMENTS
- fixed length control field:
251110|| aca||aabn | a|a d
040 ## - CATALOGING SOURCE
- Original cataloging agency:
JRU
- Transcribing agency:
JRU
100 ## - HEADING--PERSONAL NAME
- Personal name:
PUNMIA, DR. B.C. & JAIN, ER. ASHOK K AND JAIN, DR. ARUN K
670 ## - SOURCE DATA FOUND
- Source citation:
Work cat.: (JRU)4906: PUNMIA, DR. B.C. & JAIN, ER. ASHOK K AND JAIN, DR. ARUN K., SURVEYING [ VOL-II], 2014